| 000 | 00959cab a2200253 4500 | ||
|---|---|---|---|
| 001 | ABS39092 | ||
| 008 | 090401t1988 xxu||||| |||| 00| 0 eng d | ||
| 035 | _a(Sirsi) u14376 | ||
| 041 | _aeng | ||
| 100 | _aBrimacombe, M. | ||
| 245 | _aNew towns, old problems | ||
| 260 | _c1988 | ||
| 350 | _a0 | ||
| 490 |
_aSurveyor _v169(4990) 14 April 1988, 12-15(4) |
||
| 520 | _aThe Association of District Councils are appealing to the DoE for the return to local authorities of assets of the new towns which were disposed of to the private sector . The ADC has produced a report New towns: a case for assistance, warning that the new towns of today could become the inner cities of tomorrow. This article discusses these problems quoting examples. | ||
| 650 | _aMILTON KEYNES | ||
| 650 | _aPETERBOROUGH | ||
| 650 | _aSUNDERLAND | ||
| 650 | _aTELFORD | ||
| 650 | _aWASHINGTON | ||
| 690 | _aPLANNING LAW AND PRACTICE | ||
| 942 | _n0 | ||
| 948 | _c04/03/1997 | ||
| 999 |
_c9359 _d9359 |
||